000 00287 a2200109 4500
000 nam a22 7a 4500
005 20260206170435.0
100 _aRichardson, Iain E.
_91114298
245 _aCoding Video: A Practical Guide to Hevc and Beyond
260 _bWiley
_c2024
942 _cTEXL
999 _c1678845
_d1678845